NFL Spieler erraten 3 - Statistiken

Allgemein
  • Dieses Quiz wurde 93 mal gespielt
  • Das Durchschnittsergebnis liegt bei 12 aus 16
Antwortstatistiken
Bildquiz Antwort % Korrekt
Joe Burrow
98%
JJ Watt
95%
Odell Beckham jr.
95%
Lamar Jackson
94%
Antonio Brown
88%
Drew Brees
87%
Stefon Diggs
85%
Deshaun Watson
80%
Justin Tucker
79%
Kyle Pitts
73%
Aaron Jones
70%
Dalvin Cook
67%
Michael Vick
66%
Clay Matthews
34%
Adrian Amos
22%
Mercedes Lewis
22%
Keine übereinstimmenden Quizze gefunden
Verteilung der Resultate
Anzahl Personen mit jedem Resultat
Perzentil nach korrekt beantworteten Fragen
Ihre Resultats-Entwicklung
Sie haben dieses Quiz noch nicht gespielt